[Event "CHN-chT"]
[Site "Hangzhou"]
[Date "2023.05.24"]
[Round "6.3"]
[White "Ma, Binhe"]
[Black "Yang, Siyuan"]
[Result "1/2-1/2"]
[WhiteElo "1738"]
[BlackElo "1559"]
[PlyCount "63"]
[EventDate "2023.05.19"]
[EventType "team-swiss"]
[EventRounds "9"]
[EventCountry "CHN"]
[SourceTitle "CBM 214 Extra"]
[Source "ChessBase"]
[SourceDate "2023.07.31"]
[SourceVersion "1"]
[SourceVersionDate "2023.07.31"]
[SourceQuality "1"]
[WhiteTeam "Hubei"]
[BlackTeam "Hainan"]
[WhiteTeamCountry "CHN"]
[BlackTeamCountry "CHN"]

1. e4 c5 2. Nf3 d6 3. d4 cxd4 4. Nxd4 Nf6 5. Nc3 a6 6. h3 e5 7. Nde2 Be6 8. g4 d5 9. exd5 Nxd5 10. Bg2 Nxc3 11. Qxd8+ Kxd8 12. Nxc3 Kc7 13. Be3 Bb4 14. 0-0 Rd8 15. Rfd1 Rxd1+ 16. Rxd1 Bxc3 17. bxc3 Nc6 18. a4 b6 19. a5 bxa5 20. Ra1 f6 21. Bxc6 Kxc6 22. Rxa5 Kb7 23. f3 Rc8 24. Ra3 Rc6 25. Kf2 Kc7 26. Ke2 Bc4+ 27. Kd2 g5 28. Ke1 Bd5 29. Kf2 Bf7 30. Ra5 Bg6 31. Bc5 Bxc2 32. Bb4 1/2-1/2

[Event "Da Qing U20 op-B"]
[Site "Da Qing"]
[Date "2019.01.23"]
[Round "8"]
[White "Ma, Binhe"]
[Black "Huang, Yishi"]
[Result "1-0"]
[WhiteElo "1699"]
[BlackElo "1477"]
[PlyCount "99"]
[EventDate "2019.01.20"]
[EventType "swiss"]
[EventRounds "9"]
[EventCountry "CHN"]
[SourceTitle "CBM 188 Extra"]
[Source "ChessBase"]
[SourceDate "2019.02.26"]
[SourceVersion "1"]
[SourceVersionDate "2019.02.26"]
[SourceQuality "1"]

1. e4 c6 2. Nc3 d5 3. Nf3 Bg4 4. h3 Bxf3 5. Qxf3 e6 6. Be2 Nf6 7. 0-0 dxe4 8. Nxe4 Nxe4 9. Qxe4 Nd7 10. d4 Nf6 11. Qd3 Be7 12. Be3 0-0 13. c4 Qc7 14. Rfd1 Rfd8 15. Qc2 h6 16. Bf3 Rd7 17. Rac1 Rad8 18. Qb3 Qb8 19. g3 Bf8 20. Bg2 Bd6 21. f4 Bc7 22. Rd2 Ba5 23. Rd3 Bb6 24. Rcd1 Qc7 25. Kh2 a6 26. Qc3 Ba7 27. b3 Qb8 28. Bc1 Qd6 29. Bb2 Qf8 30. Qc2 Qe7 31. Qe2 Bb8 32. Qe3 Ba7 33. Qf3 Rc8 34. Kh1 b5 35. d5 cxd5 36. Bxf6 Qxf6 37. cxd5 exd5 38. Rxd5 Rxd5 39. Qxd5 Bf2 40. Qd7 Rc3 41. Be4 Bc5 42. Qe8+ Bf8 43. Rd8 Rc1+ 44. Kh2 Qb2+ 45. Bg2 Qa3 46. Rd7 Qxa2 47. Qxf7+ Kh7 48. Qxf8 Qb2 49. Qf5+ Kg8 50. Rd8# 1-0

[Event "Da Qing U20 op-B"]
[Site "Da Qing"]
[Date "2019.01.20"]
[Round "2"]
[White "Ma, Binhe"]
[Black "Chen, Tzi Xuen"]
[Result "1-0"]
[WhiteElo "1699"]
[BlackElo "1371"]
[PlyCount "30"]
[EventDate "2019.01.20"]
[EventType "swiss"]
[EventRounds "9"]
[EventCountry "CHN"]
[SourceTitle "CBM 188 Extra"]
[Source "ChessBase"]
[SourceDate "2019.02.26"]
[SourceVersion "1"]
[SourceVersionDate "2019.02.26"]
[SourceQuality "1"]

1. e4 c6 2. Nc3 d5 3. Nf3 Bg4 4. h3 Bxf3 5. Qxf3 e6 6. d4 Nf6 7. Bg5 Be7 8. e5 Nfd7 9. Bxe7 Qxe7 10. Qg3 0-0 11. f4 c5 12. dxc5 Nxc5 13. 0-0-0 Nc6 14. f5 exf5 15. Rxd5 Nxe5 1-0